|
|
|
|
| LEADER |
02462nam a2200397 a 4500 |
| 001 |
6984 |
| 003 |
BD-DhAAL |
| 005 |
20211101104805.0 |
| 008 |
151119s2001 bg b 001 0 beno |
| 999 |
|
|
|c 36239
|d 36239
|
| 010 |
|
|
|a 2001291893
|
| 020 |
|
|
|a 984050178X
|
| 040 |
|
|
|a DLC
|c DLC
|d BD-DhAAL
|
| 050 |
0 |
0 |
|a HQ1744.B3
|b M35 2001
|
| 082 |
|
|
|a 305.4095492
|
| 100 |
0 |
|
|a বেগম, মালেকা
|9 16362
|
| 245 |
1 |
0 |
|a আমি নারী :
|b তিনশ বছরের (১৮-২০শতক) বাঙালি নারীর ইতিহাস /
|c মালেকা বেগম, সৈয়দ আজিজুল হক.
|
| 246 |
|
|
|a Ami naree :
|b tinshow bachharer (atharo-bish shatak) Bangali nareer itihash
|
| 260 |
|
|
|a ঢাকা :
|b ইউনিভার্সিটি প্রেস লিমিটেড,
|c c২০০১ [দ্বিতীয় মুদ্রণ ২০০৪], ২০০৭.
|
| 300 |
|
|
|a xviii, ২৪৪ পৃষ্ঠা ;
|c ২২ সে.মি.
|
| 504 |
|
|
|a গ্রন্থপঞ্জী (পৃষ্ঠা [২১৬]-২১৯) ও নির্ঘণ্ট অন্তর্ভুক্ত।
|
| 520 |
|
|
|a Social conditions and status of Bengali women from 18th to 20th century, with special reference to feminism.
|
| 526 |
|
|
|a BIED
|
| 541 |
|
|
|a Complimentary copy from BIED
|e 6984, 35434
|
| 546 |
|
|
|a In Bengali.
|
| 650 |
|
0 |
|a Women, Bengali
|z India
|z Bengal
|x Social conditions.
|9 16363
|
| 650 |
|
0 |
|a Women, Bengali
|z India
|z West Bengal
|x Social conditions.
|9 16364
|
| 650 |
|
0 |
|a Women, Bengali
|z Bangladesh
|x Social conditions.
|9 16365
|
| 650 |
|
0 |
|a Feminism
|z India
|z Bengal
|x History.
|9 16366
|
| 650 |
|
0 |
|a Feminism
|z India
|z West Bengal
|x History.
|9 16367
|
| 650 |
|
0 |
|a Feminism
|z Bangladesh
|x History.
|9 16368
|
| 700 |
1 |
|
|a হক, সৈয়দ আজিজুল
|9 16369
|
| 942 |
|
|
|2 ddc
|c BK
|
| 952 |
|
|
|0 0
|1 0
|2 ddc
|4 0
|6 305_400000000000000_095492_BEG
|7 0
|9 56981
|a SCL
|b SCL
|c GEN
|d 2015-11-19
|g 195.00
|l 2
|m 1
|o 305.4095492 BEG
|p 3020006984
|r 2026-05-08
|s 2026-04-22
|t 1
|w 2015-11-19
|y BK
|
| 952 |
|
|
|0 0
|1 0
|2 ddc
|4 0
|6 305_409549200000000_BEG
|7 0
|9 57192
|a SCL
|b SCL
|c GEN
|d 2015-12-08
|g 195.00
|l 3
|m 5
|o 305.4095492 BEG
|p 3020006983
|r 2024-06-09
|s 2023-06-14
|t 2
|w 2015-12-08
|y BK
|
| 952 |
|
|
|0 0
|1 0
|2 ddc
|4 0
|6 305_409549200000000_BEG
|7 0
|9 69461
|a BRACUL
|b BRACUL
|c GEN
|d 2021-11-01
|e Complimentary copy from BIED
|l 1
|m 1
|o 305.4095492 BEG
|p 3010035434
|r 2024-03-06
|s 2024-01-16
|t 3
|w 2021-11-01
|y BK
|x Transferred from BIED to General Stacks
|